noms des personnages de Charlotte aux Fraises - Statistiques

Statistiques générales
  • Ce quiz a été pris 32 fois
  • Le résultat moyen est 3 sur 8
Statistiques - réponses
Par images Réponse % Correct
charlotte aux fraises
96%
fleur d'oranger
67%
mimi citron
48%
lili Framboise
41%
angélique
33%
baba Hortensia
33%
Prunetille
19%
crêpe Suzette
4%
Aucun quiz correspondant
Distribution des résultats
% des personnes avec chaque résultat
Percentile par nombre de réponses
Votre historique - résultats
Vous n’avez pas pris ce quiz